Statistieken voor Landen met de Meeste Beklimmingen van Mount Everest

Klik hier om de quiz te nemen!

Algemene statistieken

  • Deze quiz is 481 keer genomen
  • De gemiddelde score is 16 van 20

Antwoordstatistieken

BeklimmingenLand% Correct
435China
98%
727Verenigde Staten
97%
3620Nepal
95%
347India
94%
115Frankrijk
93%
171Rusland
93%
75Duitsland
90%
98Spanje
89%
120Canada
87%
78Italië
86%
214Japan
85%
385Verenigd Koninkrijk
85%
105Australië
80%
53Mexico
77%
68Zwitserland
73%
42Noorwegen
71%
51Oostenrijk
71%
93Nieuw-Zeeland
67%
129Zuid-Korea
61%
50Polen
60%

Scoreverdeling

Percentiel versus Aantal Correcte Antwoorden

Procent van Mensen met Elke Score

Uw Scoregeschiedenis

U heeft deze quiz nog niet genomen